Catálogo público

Molecular determinants of plant diseases / (Record no. 200983)

MARC details
000 -CABECERA
campo de control de longitud fija 00797nam a2200277Ia 4500
001 - NÚMERO DE CONTROL
campo de control Para_2449
003 - IDENTIFICADOR DEL NÚMERO DE CONTROL
campo de control CHAP
008 - DATOS DE LONGITUD FIJA--INFORMACIÓN GENERAL
campo de control de longitud fija 220125s1987 xx 000 0 und d
010 ## - NÚMERO DE CONTROL DE LA BIBLIOTECA DEL CONGRESO
Número de control de LC 200983
040 ## - FUENTE DE LA CATALOGACIÓN
Centro/agencia transcriptor CHAP
082 ## - NÚMERO DE LA CLASIFICACIÓN DECIMAL DEWEY
Número de clasificación PA 632 N5
100 ## - ENTRADA PRINCIPAL--NOMBRE DE PERSONA
Nombre de persona Nishimura, Syoyo, ed.
9 (RLIN) 165834
245 ## - MENCIÓN DE TÍTULO
Título Molecular determinants of plant diseases /
Mención de responsabilidad, etc. ed. by Syoyo Nishimura, Carroll P. Vance and Noriyuki Doke
260 ## - PUBLICACIÓN, DISTRIBUCIÓN, ETC.
Lugar de publicación, distribución, etc. Tokyo :
Nombre del editor, distribuidor, etc. Japan Scientific Societes
300 ## - DESCRIPCIÓN FÍSICA
Extensión 293 p.
650 ## - PUNTO DE ACCESO ADICIONAL DE MATERIA--TÉRMINO DE MATERIA
Término de materia o nombre geográfico como elemento de entrada Fitopatología Biofísica
9 (RLIN) 165835
700 ## - PUNTO DE ACCESO ADICIONAL--NOMBRE DE PERSONA
Nombre de persona Doke, Noriyuki
9 (RLIN) 33720
700 ## - PUNTO DE ACCESO ADICIONAL--NOMBRE DE PERSONA
Nombre de persona Vance, Carroll P.
9 (RLIN) 117839
901 ## - ELEMENTOS DE DATOS A LOCAL LDA (RLIN)
a PA 632 N5
902 ## - ELEMENTOS DE DATOS B LOCAL, LDB (RLIN)
a A
905 ## - ELEMENTOS DE DATOS E LOCAL, LDE (RLIN)
a 0000001987 TOKa 0000000000 00
910 ## - DATOS DE OPCIÓN DEL USUARIO (OCLC)
Datos de opción del usuario 1987
942 ## - ELEMENTOS DE PUNTO DE ACCESO ADICIONAL (KOHA)
Tipo de ítem Koha Parasitologia_
942 ## - ELEMENTOS DE PUNTO DE ACCESO ADICIONAL (KOHA)
Tipo de ítem Koha Parasitologia_
-- 1
Holdings
Estado de retiro Estado de pérdida Fuente del sistema de clasificación o colocación Estado dañado Restricciones de uso No para préstamo Código de colección Localización permanente Ubicación/localización actual Fecha de adquisición Número de inventario Total de préstamos Signatura topográfica completa Código de barras Fecha visto por última vez Número de copia Precio válido a partir de Tipo de ítem Koha Nota pública
    Dewey Decimal Classification   Préstamo 3 días   General Parasitologia Agricola Parasitologia Agricola 27/10/2005 (PA_69) (No. UACh 150031)   PA 632 N5 4102001831 25/01/2022 Ej:1 25/01/2022 Libro 3